[Event "Polofinale MCR junioru 2024"]
[Site "Hotel Fit Fun, Ryžovište 427, 512 46 Harrachov v Krkonoších"]
[Date "2024.11.13"]
[Round "6"]
[Board "29"]
[White "Osina, Jaromír"]
[Black "Svoboda, Daniel"]
[Result "0-1"]
[WhiteElo "2004"]
[BlackElo "1865"]
[PlyCount "0"]
[EventDate "2024.11.09"]
[EventRounds "9"]
[EventCountry "CZE"]

1. d4 d5 2. c4 dxc4 3. e4 b5 4. a4 c6 5. Nc3 b4 6. Na2 e6 7. Bxc4 Nf6 8. e5 Nd5 9.
Nf3 Qa5 10. Bd2 Ba6 11. Rc1 Be7 12. O-O O-O 13. b3 Rc8 14. Qe1 Bxc4 15. Rxc4 Na6
16. Qe4 Qd8 17. Rfc1 c5 18. h3 Nb6 19. R4c2 c4 20. Qe1 cxb3 21. Rxc8 Rxc8 22. Rxc8
Qxc8 23. Nxb4 Nxb4 24. Bxb4 b2 25. Bc3 Nxa4 26. Bxb2 Nxb2 27. Qa5 a6 28. Qb6 Nc4
29. Qa7 Bd8  0-1

[Event "Polofinale MCR junioru 2024"]
[Site "Hotel Fit Fun, Ryžovište 427, 512 46 Harrachov v Krkonoších"]
[Date "2024.11.13"]
[Round "6"]
[Board "30"]
[White "Veny, Jaume"]
[Black "Mrázek, Adam"]
[Result "1-0"]
[WhiteElo "1961"]
[BlackElo "1842"]
[PlyCount "0"]
[EventDate "2024.11.09"]
[EventRounds "9"]
[EventCountry "CZE"]

1. Nf3 Nf6 2. b3 g6 3. Bb2 Bg7 4. c4 O-O 5. e3 d6 6. d4 Nbd7 7. Be2 e5 8. Nc3 exd4
9. Nxd4 a5 10. Bf3 Nc5 11. a3 Re8 12. O-O c6 13. Qc2 Ng4 14. b4 Na6 15. b5 c5 16.
bxa6 cxd4 17. axb7 Bxb7 18. Bxb7 dxc3 19. Bxc3 Bxc3 20. Qxc3 Rb8 21. Rab1 Qc7 22.
Bd5 Rxb1 23. Rxb1 Rb8 24. Rb2 Ne5 25. g3 Rxb2 26. Qxb2 Qc5 27. Qb3 Kg7 28. Kg2 h5
29. h3 Qc8 30. f4 Nd7 31. Qc3+ Nf6 32. Qxa5 h4 33. Qc3 hxg3 34. Kxg3 Qb8 35. Be4
Qd8 36. Bf3 Kh6 37. a4 Qe7 38. a5 Nh5+ 39. Kg2 f6 40. a6 Qa7 41. Qa3 Ng7 42. Bb7
Nf5 43. Kf3 g5 44. Qc3 Kg6 45. Qd3 d5 46. Bc8  1-0

[Event "Polofinale MCR junioru 2024"]
[Site "Hotel Fit Fun, Ryžovište 427, 512 46 Harrachov v Krkonoších"]
[Date "2024.11.13"]
[Round "6"]
[Board "31"]
[White "Bubela, Alexander Georg"]
[Black "Mrkvan, František"]
[Result "0-1"]
[WhiteElo "1738"]
[BlackElo "1932"]
[PlyCount "0"]
[EventDate "2024.11.09"]
[EventRounds "9"]
[EventCountry "CZE"]

1. d4 Nf6 2. c4 g6 3. Nf3 Bg7 4. g3 d6 5. Bg2 O-O 6. O-O c6 7. Nc3 Bf5 8. Nh4 Bc8
9. e4 Nbd7 10. Qd2 e5 11. d5 c5 12. Qc2 Nb6 13. b3 Ne8 14. Bb2 f5 15. exf5 gxf5 16.
a4 Bd7 17. Ne2 f4 18. Be4 Nf6 19. Bf5 Bxf5 20. Qxf5 Qe7 21. Qc2 Nh5 22. Qe4 Qg5 23.
Kg2 Rf6 24. Nf3 Qg4 25. h3 Qd7 26. g4 Rg6 27. Nh4 Rg5 28. Nf3 Nf6 29. Qc2 Rg6 30.
Nh2 Nxg4 31. hxg4 Rxg4+ 32. Nxg4 Qxg4+ 33. Ng3 f3+ 34. Kh2 Qh4+ 35. Kg1 Qh3 36. Rab1
Qg2#  0-1

[Event "Polofinale MCR junioru 2024"]
[Site "Hotel Fit Fun, Ryžovište 427, 512 46 Harrachov v Krkonoších"]
[Date "2024.11.13"]
[Round "6"]
[Board "32"]
[White "Sadil, Antonín"]
[Black "Martínek, Ondrej"]
[Result "1-0"]
[WhiteElo "1873"]
[BlackElo "1711"]
[PlyCount "0"]
[EventDate "2024.11.09"]
[EventRounds "9"]
[EventCountry "CZE"]

1. e4 c5 2. Nc3 Nc6 3. g3 g6 4. Bg2 Bg7 5. d3 d6 6. Be3 Nf6 7. h3 a6 8. Qd2 e5 9.
Nd1 b5 10. Bh6 O-O 11. Bxg7 Kxg7 12. Ne2 b4 13. f4 Rb8 14. c3 bxc3 15. bxc3 d5 16.
Nf2 dxe4 17. Nxe4 Bf5 18. Nxf6 Qxf6 19. O-O Qd6 20. Bxc6 Qxc6 21. g4 Bc8 22. fxe5
Bb7 23. Ng3 Rbd8 24. Rf2 Rd7 25. Raf1 Rfd8 26. Kh2 Kg8 27. Qf4 Qe6 28. Nf5 gxf5 29.
gxf5 Qe7 30. Rg1+ Kh8 31. f6 Qe6 32. Qg3  1-0

[Event "Polofinale MCR junioru 2024"]
[Site "Hotel Fit Fun, Ryžovište 427, 512 46 Harrachov v Krkonoších"]
[Date "2024.11.13"]
[Round "6"]
[Board "33"]
[White "Peroutka, Šimon"]
[Black "Vokoun, Michal"]
[Result "0-1"]
[WhiteElo "1892"]
[BlackElo "1688"]
[PlyCount "0"]
[EventDate "2024.11.09"]
[EventRounds "9"]
[EventCountry "CZE"]

1. e4 c5 2. Nf3 g6 3. d4 cxd4 4. Qxd4 Nf6 5. e5 Nc6 6. Qe3 Ng4 7. Qb3 Ngxe5 8. Nxe5
Qa5+ 9. Bd2 Qxe5+ 10. Qe3 Qxe3+ 11. Bxe3 Bg7 12. c3 d6 13. Be2 Be6 14. Nd2 O-O 15.
O-O Rfc8 16. Bf3 Rc7 17. Nb3 Ne5 18. Nd4 Nxf3+ 19. Nxf3 b5 20. Bd4 Rac8 21. Bxg7
Kxg7 22. Nd4 Bd7 23. a3 Rc4 24. Rfe1 Kf6 25. Re3 a5 26. Rae1 e6 27. Nb3 Ra8 28. Nd2
Rc7 29. Ne4+ Ke7 30. b3 Rac8 31. Rc1 d5 32. Nd2 d4 33. Re4 Rxc3 34. Rd1 Rc1 35. Ree1
Rxd1 36. Rxd1 Rc3 37. Kf1 e5 38. f4 f6 39. fxe5 fxe5 40. Re1 Re3 41. Rxe3 dxe3 42.
Nf3 Kd6 43. h3 Be6 44. Ke2 Bxb3 45. Kxe3 Bd5 46. Ne1 b4 47. axb4 axb4 48. g3 Kc5
49. Nd3+ Kc4 50. Nxe5+ Kc3 51. Nd3 b3 52. Nc5 Bg2 53. h4 Bh3 54. Kf4 h5 55. Ne4+
Kc2  0-1

[Event "Polofinale MCR junioru 2024"]
[Site "Hotel Fit Fun, Ryžovište 427, 512 46 Harrachov v Krkonoších"]
[Date "2024.11.13"]
[Round "6"]
[Board "34"]
[White "Lána, Vincent"]
[Black "Tegda, Vojtech"]
[Result "0-1"]
[WhiteElo "1696"]
[BlackElo "1953"]
[PlyCount "0"]
[EventDate "2024.11.09"]
[EventRounds "9"]
[EventCountry "CZE"]

1. e4 e5 2. Nf3 Nc6 3. Bc4 Nf6 4. d4 exd4 5. e5 Ng4 6. O-O Be7 7. Re1 d6 8. exd6
cxd6 9. Nxd4 O-O 10. c3 Bf6 11. h3 Nge5 12. Bd5 Nxd4 13. cxd4 Nc6 14. Be3 Qb6 15.
Bxc6 bxc6 16. Qd2 c5 17. Rd1 Bf5 18. Nc3 cxd4 19. Bxd4 Bxd4 20. Qxd4 Qxb2 21. Ne4
Qxd4 22. Rxd4 Bxe4 23. Rxe4 Rfd8 24. Rd1 Rd7 25. Red4 Rad8 26. Rd5 Kf8 27. Kf1 Ke7
28. Re1+ Kf6 29. f4 g6 30. g4 Rc8 31. Red1 Ke7 32. Re1+ Kd8 33. Red1 Rc6 34. f5 Kc7
35. fxg6 fxg6 36. R1d2 Rc5 37. R5d3 d5 38. h4 Kc6 39. Ke2 Rc4 40. Kf3 Kc5 41. Kg3
Rd6 42. h5 d4 43. hxg6 hxg6 44. Kf4 Rc3 45. Ke5 Rxd3 46. Rxd3 Rd5 47. Ke4 Rd7 48.
Rd1 Re7+ 49. Kf4 Re6 50. Rc1+ Kb4 51. Rc7 a6 52. a3+ Kb3 53. Rb7+ Kc2 54. Rc7+ Kd2
55. Rd7 d3 56. Kf3 Kc2 57. Rc7+ Kd1 58. Rd7 d2 59. Kf2 Rc6 60. Kf1 Kc2  0-1

[Event "Polofinale MCR junioru 2024"]
[Site "Hotel Fit Fun, Ryžovište 427, 512 46 Harrachov v Krkonoších"]
[Date "2024.11.13"]
[Round "6"]
[Board "35"]
[White "Cervený, Vojtech"]
[Black "Hampl, David"]
[Result "0-1"]
[WhiteElo "1889"]
[BlackElo "1830"]
[PlyCount "0"]
[EventDate "2024.11.09"]
[EventRounds "9"]
[EventCountry "CZE"]

1. e4 c6 2. d4 d5 3. exd5 cxd5 4. Bd3 Nf6 5. c3 Nc6 6. Nf3 Bg4 7. h3 Bh5 8. Bf4 e6
9. Nbd2 Bd6 10. Bxd6 Qxd6 11. O-O O-O 12. Re1 Rab8 13. Qb1 Bg6 14. Bxg6 hxg6 15.
Qd3 Rfe8 16. Ne5 Nd7 17. Ndf3 Ncxe5 18. Nxe5 b5 19. a3 a5 20. Re3 b4 21. axb4 axb4
22. h4 bxc3 23. bxc3 Rec8 24. Rae1 Nf6 25. Nxg6 Ne4 26. Ne5 Rxc3 27. Qd1 Rc7 28.
Rb3 Rxb3 29. Qxb3 Rc3 30. Qa4 Ra3 31. Qe8+ Qf8 32. Qb5 Ra2 33. Qb3 Qa8 34. f3 Ng3
35. Qe3 Nf5 36. Qf4 Qa4 37. Rc1 Ra1 38. Kh2 Rxc1 39. Qxc1 Qxd4 40. Qc8+ Kh7 41. Nxf7
Qxh4+ 42. Kg1 Qe1+ 43. Kh2 Qg3+ 44. Kg1 Ne3 45. Qh8+ Kg6 46. Ne5+ Qxe5 47. Qe8+ Kh7
48. f4 Qxf4 49. Qh5+ Qh6 50. Qe2 d4 51. Qd3+ Qg6 52. Qxd4 Qxg2#  0-1

[Event "Polofinale MCR junioru 2024"]
[Site "Hotel Fit Fun, Ryžovište 427, 512 46 Harrachov v Krkonoších"]
[Date "2024.11.13"]
[Round "6"]
[Board "36"]
[White "Nešpurek, Jakub"]
[Black "Pešek, Martin Jakub"]
[Result "1-0"]
[WhiteElo "1879"]
[BlackElo "1627"]
[PlyCount "0"]
[EventDate "2024.11.09"]
[EventRounds "9"]
[EventCountry "CZE"]

1. e4 c6 2. d4 d5 3. f3 e5 4. dxe5 Bc5 5. Nc3 d4 6. Nce2 Qb6 7. Qd3 Be6 8. f4 Na6
9. a3 f6 10. f5 Bf7 11. e6 Bh5 12. Nf4 g6 13. h3 Nh6 14. Nxh5 Ng8  1-0

[Event "Polofinale MCR junioru 2024"]
[Site "Hotel Fit Fun, Ryžovište 427, 512 46 Harrachov v Krkonoších"]
[Date "2024.11.13"]
[Round "6"]
[Board "37"]
[White "Gloser, Tomáš"]
[Black "Jusko, Jindrich"]
[Result "1-0"]
[WhiteElo "1777"]
[BlackElo "1846"]
[PlyCount "45"]
[EventDate "2024.11.09"]
[EventRounds "9"]
[EventCountry "CZE"]

1. e4 c6 2. d4 d5 3. exd5 cxd5 4. Nf3 Nf6 5. Bd3 Bg4 6. h3 Bh5 7. O-O e6 8. Bf4 Nc6
9. c3 Bd6 10. Bxd6 Qxd6 11. Nbd2 O-O 12. Qc2 Rac8 13. Rae1 Rfe8 14. Ng5 Bg6 15. Bxg6
hxg6 16. Ndf3 Nd7 17. h4 Qf4 18. h5 Nxd4 19. Nxd4 Qxg5 20. hxg6 Qg4 21. gxf7+ Kxf7
22. Qa4 e5 23. f3  1-0

[Event "Polofinale MCR junioru 2024"]
[Site "Hotel Fit Fun, Ryžovište 427, 512 46 Harrachov v Krkonoších"]
[Date "2024.11.13"]
[Round "6"]
[Board "38"]
[White "Zezula, Matej"]
[Black "Fousek, Petr"]
[Result "1-0"]
[WhiteElo "1767"]
[BlackElo "1800"]
[PlyCount "51"]
[EventDate "2024.11.09"]
[EventRounds "9"]
[EventCountry "CZE"]

1. e4 e6 2. d4 d5 3. Nd2 Nf6 4. e5 Nfd7 5. Bd3 c5 6. c3 Nc6 7. Ndf3 cxd4 8. cxd4
Bb4+ 9. Bd2 Qa5 10. Ne2 O-O 11. O-O a6 12. Nc3 Qb6 13. Bxh7+ Kxh7 14. Ng5+ Kg6 15.
Qg4 Qxd4 16. Nge4+ Kh7 17. Qh5+ Kg8 18. Ng5 Qd3 19. Nce4 Qxe4 20. Nxe4 dxe4 21. Bxb4
Nxb4 22. Rae1 g6 23. Qh6 f5 24. Qxg6+ Kh8 25. Re3 Nb8 26. Rh3#  1-0

[Event "Polofinale MCR junioru 2024"]
[Site "Hotel Fit Fun, Ryžovište 427, 512 46 Harrachov v Krkonoších"]
[Date "2024.11.13"]
[Round "6"]
[Board "39"]
[White "Dvorák, Jan"]
[Black "Adámek, Jan"]
[Result "1-0"]
[WhiteElo "1873"]
[BlackElo "1735"]
[PlyCount "49"]
[EventDate "2024.11.09"]
[EventRounds "9"]
[EventCountry "CZE"]

1. e4 c6 2. d4 d5 3. Nc3 dxe4 4. Nxe4 Nf6 5. Nxf6+ exf6 6. c3 Bd6 7. Bd3 O-O 8.
Qc2 h5 9. Ne2 Qc7 10. Be3 b5 11. Ng3 h4 12. Nf5 Bxf5 13. Bxf5 Re8 14. O-O-O a5 15.
g3 h3 16. Bxh3 Nd7 17. Bxd7 Qxd7 18. h4 Bxg3 19. h5 Rxe3 20. fxe3 Qe6 21. h6 Qxe3+
22. Kb1 gxh6 23. Qg2 f5 24. Qxc6 Rb8 25. Rxh6  1-0

[Event "Polofinale MCR junioru 2024"]
[Site "Hotel Fit Fun, Ryžovište 427, 512 46 Harrachov v Krkonoších"]
[Date "2024.11.13"]
[Round "6"]
[Board "40"]
[White "Zeman, Vojtech"]
[Black "Stejskal, Jakub"]
[Result "1/2-1/2"]
[WhiteElo "1848"]
[BlackElo "1672"]
[PlyCount "161"]
[EventDate "2024.11.09"]
[EventRounds "9"]
[EventCountry "CZE"]

1. d4 e6 2. c4 d5 3. Nf3 Nf6 4. g3 Bb4+ 5. Bd2 Be7 6. Bg2 c6 7. Qc2 O-O 8. O-O Ne4
9. Rd1 a5 10. Bf4 f5 11. Nc3 b6 12. Nxe4 dxe4 13. Ne5 Bb7 14. Qb3 a4 15. Qc2 Nd7
16. Nxd7 Qxd7 17. c5 b5 18. f3 exf3 19. Bxf3 Bf6 20. Be5 Qf7 21. b3 Rfd8 22. Rd3
Qf8 23. Kh1 Kh8 24. b4 Qf7 25. Rg1 Re8 26. g4 Rad8 27. Rdd1 g6 28. g5 Bxe5 29. dxe5
Qg7 30. Qc3 Qe7 31. Rd6 Rc8 32. Qe3 Rc7 33. Rgd1 Kg7 34. Qd2 Qf7 35. Rd7 Re7 36.
Rxe7 Qxe7 37. Qd8 Qxd8 38. Rxd8 Bc8 39. Kg2 Bd7 40. h4 Kf7 41. Kg3 Be8 42. h5 Ke7
43. Rd6 Bd7 44. hxg6 hxg6 45. Kf4 Kf7 46. e4 fxe4 47. Bxe4 Kg7 48. Ke3 Kf7 49. Rd1
Be8 50. Rf1+ Kg7 51. Kd4 Bf7 52. Kc3 Be8 53. Rd1 Kf7 54. Rd8 Ke7 55. Rd6 Kf7 56.
Rd1 Kg7 57. Rf1 Bf7 58. Bc2 Ra7 59. Rd1 Be8 60. Rd8 Kf7 61. Bxg6+ Kxg6 62. Rxe8 Kxg5
63. Rxe6 Rc7 64. Kd4 Rd7+ 65. Rd6 Rc7 66. Ke4 Rc8 67. a3 Rc7 68. e6 Kf6 69. Rd7 Rc8
70. e7 Re8 71. Rd6+ Kxe7 72. Kd4 Rd8 73. Rxd8 Kxd8 74. Ke4 Ke8 75. Kf4 Kf8 76. Kg4
Kg8 77. Kh5 Kh7 78. Kg5 Kg7 79. Kf5 Kf7 80. Ke5 Ke7 81. Kf5  1/2-1/2

[Event "Polofinale MCR junioru 2024"]
[Site "Hotel Fit Fun, Ryžovište 427, 512 46 Harrachov v Krkonoších"]
[Date "2024.11.13"]
[Round "6"]
[Board "41"]
[White "Meca, Viktor"]
[Black "Jandecka, Miroslav"]
[Result "0-1"]
[WhiteElo "1796"]
[BlackElo "1603"]
[PlyCount "80"]
[EventDate "2024.11.09"]
[EventRounds "9"]
[EventCountry "CZE"]

1. e4 c6 2. d4 d5 3. Nc3 dxe4 4. Nxe4 Bf5 5. Ng3 Bg6 6. Nh3 Nf6 7. Nf4 e6 8. h4
Bf5 9. Nxf5 exf5 10. c3 Bd6 11. Qc2 g6 12. Be2 Qc7 13. g3 Nbd7 14. Be3 O-O-O 15.
O-O-O Qa5 16. Kb1 Rde8 17. c4 Re7 18. c5 Bxf4 19. Bxf4 Nd5 20. Bd6 Re6 21. Bc4 N7f6
22. Be5 Rhe8 23. h5 Nxh5 24. Rxh5 gxh5 25. Qxf5 Qd8 26. Bd6 Qf6 27. Bd3 Kd8 28. Be5
Qxf5 29. Bxf5 R6e7 30. Kc2 f6 31. Bd6 Re2+ 32. Rd2 Nb4+ 33. Kc3 Nxa2+ 34. Kc2 Nb4+
35. Kc1 Re1+ 36. Rd1 Rxd1+ 37. Kxd1 Nd5 38. Kd2 Ne7 39. Be6 Nc8 40. Bxc8 Kxc8  0-1

[Event "Polofinale MCR junioru 2024"]
[Site "Hotel Fit Fun, Ryžovište 427, 512 46 Harrachov v Krkonoších"]
[Date "2024.11.13"]
[Round "6"]
[Board "42"]
[White "Hajícek, Matyáš"]
[Black "Urbanský, Štepán"]
[Result "0-1"]
[WhiteElo "1673"]
[BlackElo "1859"]
[PlyCount "78"]
[EventDate "2024.11.09"]
[EventRounds "9"]
[EventCountry "CZE"]

1. e4 c5 2. d4 cxd4 3. c3 Nf6 4. e5 Nd5 5. cxd4 d6 6. f4 Nc6 7. Nf3 Bg4 8. Bc4 Bxf3
9. Qxf3 Ndb4 10. Be3 Nc2+ 11. Kd2 Nxa1 12. d5 dxe5 13. Kc1 e4 14. Qxe4 Nb8 15. Bb5+
Nd7 16. d6 e6 17. f5 Bxd6 18. fxe6 O-O 19. Bxd7 Qc7+ 20. Nc3 fxe6 21. Bxe6+ Kh8 22.
Kb1 Rfe8 23. Nd5 Qc2+ 24. Qxc2 Nxc2 25. Kxc2 Rxe6 26. Rd1 h6 27. Bf4 Bxf4 28. Nxf4
Rc8+ 29. Kb3 Re3+ 30. Nd3 Re2 31. Nf4 Rf2 32. g3 Rcc2 33. Rd8+ Kh7 34. Nd3 Rxh2 35.
Rd7 Rc6 36. a4 Rb6+ 37. Ka3 a5 38. Rd5 Rd2 39. Rd7 Rg6  0-1